Normal view
MARC view
- السامرائي، عدنان هاشم رحيم
Entry Personal Name
001 - CONTROL NUMBER
- control field: 64605
003 - CONTROL NUMBER IDENTIFIER
- control field: JO-AjAnu
005 - DATE AND TIME OF LATEST TRANSACTION
- control field: 20231203093745.0
008 - FIXED-LENGTH DATA ELEMENTS
- fixed length control field: 231203|| aca||aabn | a|a d
040 ## - CATALOGING SOURCE
- Original cataloging agency: JO-AjAnu
100 ## - HEADING--PERSONAL NAME
- Linkage: السامرائي، عدنان هاشم رحيم
- Personal name: السامرائي، عدنان هاشم رحيم